000 00450nam a2200193Ia 4500
005 20240823021903.0
008 240823s9999||||xx |||||||||||||| ||und||
020 _a0-7190-5211-4
041 _aENGLISH
082 _A149.97 P7
100 _a"Woods,Tim"
245 0 _aBeginning Postmodernism
250 _a1st
260 _c2007
_b"Viva,New "
_aNew Delhi
500 _aISSUED
650 _aPhilosophy
_bGeneral
942 _cBK
999 _c177943
_d177943